000 00992nam a2200217Ia 4500
001 19440
003 GE_BSU
008 181216s||||||||xx |||||||||||||| ||und||
020 _aISSN0134-9899
040 _cGE_BSU
245 _aიბერიულ-კავკასიური ენათმეცნიერების წელიწდეული : Ежегодник Иберийско-Кавказского Языкознания : ANNUAL Of Ibero-Caucasian Linguistics XI
245 _cსარედ. კოლ. ვ. აბაევი., შ. აფრიდონიძე., და სხვ.მთ.რედ.:არნ.ჩიქობავა
260 _aთბილისი
260 _bმეცნიერება
260 _c1984
300 _a333გვ.26სმ.
541 _h7ლ
653 _aენათმეცნიერება
653 _aიბერიულ-კავკასიური წელიწდეული
942 _cBK
999 _c52419
_d52419